|
|
|
|
| LEADER |
00000pam a2200000 4500 |
| 001 |
35740 |
| 003 |
MY-KLNDU |
| 005 |
20241218090816.0 |
| 035 |
|
|
|a 0000023444
|
| 039 |
|
9 |
|y 200910091605
|z VLOAD
|
| 090 |
0 |
0 |
|a 4 SZWB02 2005
|
| 100 |
1 |
0 |
|a Mohd Shopian bin Mohd Sharir
|
| 245 |
1 |
0 |
|a Kesan perencat terhadap keberkesanan proses Reagon Fenton dalam mengolah pewarna industri tekstil
|c Mohd Shopian bin Mohd Sharir
|
| 260 |
0 |
0 |
|a Kuala Lumpur
|b ATMA
|c 2005
|
| 300 |
|
|
|a xvi,73p.
|b ill
|c 30cm
|e 1computer laser optical disk(4 3/4 in)
|
| 500 |
0 |
0 |
|a Includes bibliographical references
|
| 500 |
0 |
0 |
|a Includes compact disk,filed in disk storage at circulation desk
|
| 999 |
|
|
|a vtls000025235
|c 35740
|d 35740
|